000 01149 a2200205 4500
001 22405
005 20260407155515.0
008 260407a1968 arg spa d
003 AR-UNSa-BCEJYS
040 _aAR-UNSa-BCEJYS
_bspa
_cAR-UNSa-BCEJYS
080 _a336.1
_xFinanzas Públicas. Finanzas del gobierno en general
245 1 0 _aHacienda Pública
264 1 _aBarcelona :
_bBosch
_c1968
300 _a437 p.
_c22 cm.
505 _aLibro I: Cuadro general de las instituciones financieras - Parte I: Los medios de la actuación financiera: gastos, recursos y tesorería - 1. Los gastos públicos - 2. Los recursos públicos - 3. Tesorería pública - Parte II: El plan financiero: presupuesto y cuentas públicas - 1. La concepción del presupuesto - 2. La formación del presupuesto - 3. La ejecución del presupuesto - Libro II: Estudio especial del sistema fiscal - Parte I: Teoría general del impuesto - 1. La técnica del impuesto - 2. El derecho del impuesto - 3. La sociología del impuesto
942 _cBK
590 _aniveau_biblio:m niveau_hierar:0
100 1 _aDuverger, Maurice
700 1 _aRuiz Tarversí, José Luis
999 _c1010
_d1010